50 Random Logos by Picture - Statistics

General Stats
  • This quiz has been taken 191 times
    184 since last reset
  • The average score is 42 of 50
Answer Stats
Picture Answer % Correct
Spotify
94%
Adidas
93%
Apple
93%
Instagram
93%
Pepsi
93%
Red Bull
93%
YouTube
93%
Facebook
92%
Honda
92%
KFC
92%
Nike
92%
Toyota
92%
Domino's
91%
Google
91%
McDonald's
91%
Walt Disney
91%
Monster
90%
Netflix
90%
Starbucks
90%
Twitter
90%
Puma
89%
SnapChat
89%
Wikipedia
89%
Amazon
88%
Louis Vuitton
88%
Microsoft
88%
Paypal
88%
PlayStation
88%
Tesla
88%
X-Box
88%
Yahoo
88%
JetPunk
87%
Tiktok
87%
Android
86%
Firefox
86%
Pinterest
86%
WhatsApp
86%
Mercedes
85%
Skype
85%
Volkswagen
85%
Warner Brothers
85%
DreamWorks
83%
LG
83%
Playboy
83%
Gucci
82%
Target
82%
Walmart
82%
Audi
81%
LinkedIn
80%
Reddit
78%
Chanel
75%
Fila
75%
Nestlé
75%
Barbie
74%
Lexus
74%
Champion
73%
Rolex
73%
iTunes
71%
Bic
70%
Lacoste
70%
Under Armour
65%
T-Mobile
64%
Air Jordan
55%
AT&T
54%
No matching quizzes found
Score Distribution
Percent of People with Each Score
Percentile by Number Answered
Your Score History
You have not taken this quiz since the last reset